000 01365nam0a22003371 4500
001 v19\rc\1865696
005 20251118180214.9
035 _a(NLR Aleph) 004958054
090 _a5953909
_c5953909
100 _a20080221d1909 u y0rusy50 ca
101 1 _arus
_cger
102 _aRU
105 _aa z |||||
200 1 _aО хорошем уходе за коровой, теленком и быком
_fСост. проф. С.-х. акад. Штейерт
_gПер. с нем. под ред. вет. врача Н.И. Шнелля
210 _aМосква
_cтип. Вильде
_d1909
215 _a151 с.
_cил.
_d22
225 1 _aДеревенское хозяйство и крестьянская жизнь
_fПод ред. И. Горбунова-Посадова
_vВып. 73
300 _aПер. также под загл.: Как ходить за коровой
451 0 _12001#$aКак ходить за коровой
_tКак ходить за коровой
700 1 _aШтейерт
_bЛ.
_f1853-
_gЛюдвиг
_4220
702 1 _aШнелль
_bН.И.
_4340
801 0 _aRU
_bNLR
_gpsbo
801 0 _aRU
_bRuMoRGB
_2psbo
801 1 _aRU
_bProSoft-M
_2rusmarc
852 _aNLR
_j38.80.7.199
899 _aRuMoRGB
_jF 75/751
899 _aRuMoRGB
_jРб 41/43
899 _aRuMoRGB
_jМК
899 _aБАН
942 _cBOOK
980 _aNB